LEADER 00799nam0-2200313---450- 001 990008189510403321 005 20050921122907.0 010 $a88-07-05050-1 035 $a000818951 035 $aFED01000818951 035 $a(Aleph)000818951FED01 035 $a000818951 100 $a20050921d1987----km-y0itaa50------ba 101 0 $aita 102 $aIT 105 $a--------001gy 200 1 $aBisbidis$fEdoardo Sanguineti 210 $aMilano$cFeltrinelli$dc1987 215 $a101 p.$d20 cm 225 1 $aImpronte$v50 676 $a851.9 700 1$aSanguineti,$bEdoardo$f<1930-2010>$039564 801 0$aIT$bUNINA$c20050921$gRICA$2UNIMARC 901 $aBK 912 $a990008189510403321 952 $aF.Russo 1266$fBAT 959 $aBAT 996 $aBisbidis$9734825 997 $aUNINA LEADER 02743nam 2200565 450 001 9910796634403321 005 20230814221605.0 010 $a3-11-053988-8 024 7 $a10.1515/9783110541793 035 $a(CKB)4100000001044496 035 $a(MiAaPQ)EBC5150958 035 $a(DE-B1597)480365 035 $a(OCoLC)1013823415 035 $a(DE-B1597)9783110541793 035 $a(Au-PeEL)EBL5150958 035 $a(CaPaEBR)ebr11471643 035 $a(EXLCZ)994100000001044496 100 $a20171220h20182018 uy 0 101 0 $aeng 135 $aurcnu|||||||| 181 $2rdacontent 182 $2rdamedia 183 $2rdacarrier 200 10$aProofs of prophecy and the refutation of the Isma'iliyya $ethe Kitab Ithbat nubuwwat al-nabi by the Zaydi al-Mu'ayyad bi-Ilah al-Ha?ru?ni? (d. 411/1020) /$fEva-Maria Lika 210 1$aBerlin, [Germany] ;$aBoston, [Massachusetts] :$cDe Gruyter,$d2018. 210 4$dİ2018 215 $a1 online resource (49 pages) 225 1 $aWorlds of Islam,$x1661-6278 ;$vVolume 9 311 $a3-11-053976-4 311 $a3-11-054179-3 320 $aIncludes bibliographical references and index. 327 $tFrontmatter -- $tAcknowledgements -- $tI. Introduction -- $tII. Description of the Manuscripts and the Principles of Edition -- $tIII. The Historical Context -- $tIV. Intellectual Defence 1: Criticism of the Ism???liyya -- $tV. Intellectual Defence 2: Prophetology -- $tVI. Conclusion -- $tBibliography -- $tIndex -- $tCritical Edition of the Ithb?t nubuwwat al-nab? by al-Mu?ayyad bi-ll?h al-H?r?n? 330 $aAl-Mu'ayyad bi-llah al-Haruni (d. 411/1020) was a representative of the intellectual center of the Zaydiyya in Northern Iran and a student of the leading Mu?tazilite theologians of the time. In his Kitab Ithbat nubuwwat al-nabi he presents a proof of prophecy of Muḥammad and a refutation of the Isma'ilyya.The present volume explores the historical and intellectual context of the oeuvre and includes a partial critical edition of the text. 410 0$aWelten des Islams ;$vVolume 9. 606 $aIsmailites$xDoctrines 606 $aIsmailites$vControversial literature 615 0$aIsmailites$xDoctrines. 615 0$aIsmailites 676 $a297.20422 686 $aBE 8673$2rvk 700 $aLika$b Eva-Maria$01483542 701 2$aMu?ayyad billa?h Ah?mad ibn al-H?usayn$f944 or 945-1030?$01483543 701 2$aMu?ayyad billa?h Ah?mad ibn al-H?usayn$f944 or 945-1030?$01483543 801 0$bMiAaPQ 801 1$bMiAaPQ 801 2$bMiAaPQ 906 $aBOOK 912 $a9910796634403321 996 $aProofs of prophecy and the refutation of the Isma'iliyya$93701695 997 $aUNINA